[Event "36th Cappelle Open 2020"]
[Site "Cappelle-la-Grande"]
[Date "2020.02.24"]
[Round "3.3"]
[White "Laurent-Paoli, Pierre"]
[Black "Moussard, Jules"]
[Result "1/2-1/2"]
[WhiteElo "2403"]
[BlackElo "2608"]
[Annotator "TA"]
[PlyCount "98"]
[EventDate "2020.02.22"]
[EventType "swiss"]
[EventCountry "FRA"]
[SourceTitle "playchess.com"]
[Source "ChessBase"]
[SourceQuality "1"]

{[%evp 9,98,30,42,27,49,27,41,31,35,29,58,17,22,0,61,0,0,0,0,0,163,163,164,156,158,160,164,150,177,172,161,112,113,118,225,210,285,300,289,253,248,156,294,293,243,125,118,109,248,235,241,233,222,226,220,216,244,229,213,203,193,178,191,158,214,70,72,0,8,0,0,0,8,0,14,25,19,0,0,0,0,0,8,8,8,8,8,8,8,0,0]} 1. Nf3 d6 2. d4 f5 3. Nc3 Nf6 4. Bg5 d5 5. e3 e6 6. Bd3 {A80: Dutch Defence: Unusual White second moves.} c5 {[#]} 7. Bxf6 $146 ({Predecessor:} 7. Ne5 c4 8. Be2 Be7 9. O-O O-O 10. b3 Qa5 11. Nb1 cxb3 12. cxb3 Bd7 13. Nd2 {1-0 (59) Kjartansson,G (2442)-Jakubiec,A (2505) Reykjavik 2016}) 7... gxf6 8. Nh4 {White is slightly better.} Qd7 9. g4 c4 10. Be2 fxg4 11. e4 dxe4 (11... f5 $11 12. exf5 exf5) 12. Bxc4 (12. d5 $1 $14) 12... f5 $11 13. h3 $36 {[%mdl 2048] Black is under pressure.} Qc7 $1 {[%cal Rc7c4]} 14. Bb3 Qf4 $2 (14... Bb4 $11 {and Black is okay.}) 15. hxg4 $18 e3 {[%csl Ge3][%cal Rf4f2]} 16. Qe2 Qxf2+ 17. Qxf2 exf2+ 18. Kxf2 {aiming for gxf5.} fxg4 {[#]} 19. Ng6 $1 {[%cal Rg6h8][%mdl 576] Pin} Rg8 (19... hxg6 20. Rxh8) 20. Nxf8 Rxf8+ 21. Kg3 Nc6 {[#]} (21... Nd7 $16) 22. Nb5 $1 {[%cal Rb5c7] Strongly threatening Nc7+.} (22. Rxh7 $6 Bd7 $16) 22... Ke7 23. Rxh7+ Rf7 24. Rxf7+ Kxf7 25. c3 (25. Kxg4 $6 a6 $16) 25... a6 (25... Na5 $16 26. Rf1+ (26. Kxg4 Bd7 $14) 26... Ke7) 26. Nc7 Rb8 27. Rf1+ ({But not} 27. Kxg4 $6 Ke7 $16) (27. Rh1 $18) 27... Ke7 $16 28. Re1 {[%cal Rb3e6]} Kd6 (28... e5 $16) 29. Nxe6 Na5 30. Nc5 Nxb3 31. axb3 $18 {[%mdl 4096] Endgame KRB-KRN} b6 32. Ne4+ Kc6 33. c4 Bf5 34. d5+ Kc7 35. Ng5 a5 36. Nf7 Kd7 (36... Bd7 $16 {was necessary.} 37. Re7 Rg8) 37. Ne5+ (37. Re5 $18 Bg6 38. Nh6) 37... Kd6 $14 38. Nc6 ({Better is} 38. Kh4 $16) 38... Rh8 $11 39. Kf4 Rf8 40. Kg3 {Threatens to win with Rf1.} Rh8 41. Ne5 {Nf7+ is the strong threat.} Rf8 42. Re3 Kc5 43. Nxg4 {The position is equal.} Rg8 44. Kf4 Bxg4 45. Rg3 Rf8+ 46. Kxg4 {And now Rf3 would win.} b5 $1 47. Rc3 {White wants to play Rc2.} Rf2 48. cxb5+ Kxd5 49. Kg3 (49. b6 $5 {[%cal Rb6b7]} Rf6 50. b7 $11) 49... Rf6 {Black escapes into a draw. Accuracy: White = 71%, Black = 64%.} 1/2-1/2

[Event "36th Cappelle Open 2020"]
[Site "Cappelle-la-Grande"]
[Date "2020.02.24"]
[Round "3.4"]
[White "Nikolov, Momchil"]
[Black "Viani Antonio Dcunha"]
[Result "1/2-1/2"]
[WhiteElo "2539"]
[BlackElo "2403"]
[Annotator "TA"]
[PlyCount "81"]
[EventDate "2020.02.22"]
[EventType "swiss"]
[EventCountry "FRA"]
[SourceTitle "playchess.com"]
[Source "ChessBase"]
[SourceQuality "1"]

{[%evp 22,81,44,51,84,82,85,92,81,36,59,30,89,76,100,95,94,81,96,89,100,110,82,64,78,23,116,88,93,91,110,83,137,144,146,132,123,109,156,134,264,252,378,302,281,279,288,271,238,105,124,122,114,0,0,0,0,0,0,0,0,60]} 1. d4 Nf6 2. c4 g6 3. Nc3 Bg7 4. e4 d6 5. f3 O-O 6. Nge2 e5 7. Be3 c6 8. Qd2 Nbd7 9. d5 cxd5 10. cxd5 a6 11. g4 h5 12. g5 Nh7 {E89: King's Indian: Sämisch: 6...e5 7 d5 c6 8 Nge2 cxd5.} 13. Nc1 $1 f6 14. gxf6 Bxf6 {White is better.} 15. Rg1 Bh4+ {[%mdl 64] Discovered Attack} 16. Kd1 g5 (16... Rxf3 $11 {remains equal.} 17. Be2 (17. Rxg6+ Kf7 $11) 17... Rxe3 18. Rxg6+ (18. Qxe3 Bg5 $14) 18... Kh8 19. Qxe3 Bg5) 17. Be2 $1 $16 Kh8 18. Nd3 $36 {[%mdl 2048] [#] White is in control.} Rg8 $146 ({Predecessor:} 18... Rf7 19. Rc1 Ndf8 20. Na4 Bh3 21. Nb6 Rb8 22. Qb4 Ng6 23. Nc4 Rd7 24. Kc2 b5 {1-0 (43) Amin,B (2709)-Jovanovic,Z (2537) Zagreb 2018}) 19. Kc2 Ndf6 20. Rac1 Bd7 21. Kb1 Qe7 22. Qc2 Rae8 23. Qb3 (23. Ka1 $16) 23... Bh3 (23... g4 $1 $11) 24. Nf2 Bxf2 25. Bxf2 g4 26. Bh4 Ng5 (26... gxf3 $142 27. Bxf3 Bg4) 27. Qb6 Rg7 28. Rg3 Reg8 29. Qe3 Rg6 30. Rcg1 {aiming for Bxg5.} Qg7 {[#]} (30... Ngh7 $16 31. f4 exf4 32. Qxf4 Qe5 33. Qxe5 dxe5) 31. Nd1 $1 $18 Qh7 (31... Qh6 {might work better.} 32. Nf2 Nfh7) 32. Bxg5 Rxg5 {[#]} 33. Rxh3 $1 {[%mdl 512]} Nxd5 (33... gxh3 34. Rxg5) 34. Qd2 {And now Bc4 would win.} Nf4 {[#]} 35. Rhg3 (35. Rh4 $1 $18 {and the rest is easy.}) 35... h4 $16 36. Rxg4 Rxg4 37. Rxg4 ({White has to play} 37. fxg4 $16 Qxe4+ {[%mdl 64] Double Attack} 38. Ka1 Qxe2 39. Qxd6) 37... Rxg4 $11 {The position is equal.} 38. fxg4 {Bf3 is the strong threat.} Qxe4+ 39. Ka1 {Hoping for Nc3.} Qxe2 40. Qxd6 Nd3 {[%cal Re2d1]} 41. Qf8+ {Accuracy: White = 74%, Black = 56%.} (41. Qb8+ $11 Kh7 42. Qxb7+ {[%mdl 64] Double Attack} Kh6 43. Nc3 Qf1+ 44. Nb1) 1/2-1/2

[Event "36th Cappelle Open 2020"]
[Site "Cappelle-la-Grande"]
[Date "2020.02.24"]
[Round "3.5"]
[White "Shchekachev, Andrei"]
[Black "Jogstad, Martin"]
[Result "1-0"]
[WhiteElo "2529"]
[BlackElo "2312"]
[Annotator "TA"]
[PlyCount "133"]
[EventDate "2020.02.22"]
[EventType "swiss"]
[EventCountry "FRA"]
[SourceTitle "playchess.com"]
[Source "ChessBase"]
[SourceQuality "1"]

{[%evp 21,132,19,17,8,22,14,60,42,41,38,30,33,43,27,88,87,85,92,97,58,64,65,60,30,104,100,123,114,99,95,136,134,219,149,239,254,264,267,642,644,628,623,848,854,1163,978,29990,1419,29991,1420,1281,1341,957,760,733,737,671,651,608,577,995,947,658,921,962,820,820,887,921,921,797,780,1176,766,450,450,450,450,450,450,450,450,450,450,450,450,433,360,7102,5093,12624,5439,6958,6941,29963,12794,29985,29986,29986,29987,29990,29991,29997,29998,29998,29996,29996,29995,29998,29997,29997,29998,29999]} 1. c4 Nf6 2. Nf3 e6 3. b3 d5 4. Bb2 Be7 5. g3 O-O 6. Bg2 b6 7. O-O Bb7 8. e3 c5 9. Nc3 Nbd7 10. d3 Qc7 11. Qe2 Rac8 12. Nh4 {A14: English Opening: 1...e6 with b3 by White.} dxc4 13. bxc4 Rfd8 14. f4 {White is slightly better.} Bxg2 15. Nxg2 Nb8 16. g4 Nc6 17. Rad1 {[#]} Rd7 $146 (17... Qd7 $11 {keeps the balance.}) ({Predecessor:} 17... Ne8 18. h4 Qd7 19. a3 a6 20. h5 f6 21. f5 h6 22. Nf4 Nc7 23. fxe6 Nxe6 {1-0 (33) Daghli,A (2354)-Babaniya,B (2184) Bandar e Anzali 2019}) 18. g5 $16 Ne8 19. Rf3 Bf8 20. Rh3 {Qh5 is the strong threat.} f5 21. gxf6 Nxf6 22. Nh4 e5 (22... g6 $1 $11) 23. f5 {White leaves nothing to chance now.} Rcd8 {Black wants to play ...e4.} 24. e4 Nd4 25. Qg2 Nh5 26. Bc1 Be7 (26... Nf6 $16 {keeps fighting.} 27. Bg5 Be7) 27. Nf3 ({Don't play} 27. Nd5 Qd6) 27... Nf6 (27... Nf4 $16 28. Bxf4 exf4) 28. Ng5 $18 Qd6 29. Kh1 $1 Bf8 $2 (29... Rf8 30. Nb5 Nxb5) 30. Nd5 Nxd5 31. cxd5 h6 32. Ne6 Re8 33. Bxh6 Ree7 {[#]} 34. Rg1 (34. Qg6 $142 $1 Rxe6 35. fxe6 Re7 36. Bxg7 $1 {[%mdl 576] Clearance} Rxg7 37. Qh6 Qxe6 {[%mdl 64] Remove Defender} 38. dxe6 Nxe6 {[%mdl 64] Remove Defender} 39. Qxe6+ {[%mdl 64] Double Attack} Rf7 40. Rf1 Bh6 41. Qxf7+ {[%mdl 64] Double Attack} Kh8 42. Rxh6#) 34... Nxf5 35. exf5 (35. Qg6 $142 Rxe6 36. dxe6 Qxd3 37. Rxd3 Nh4 {[#]} 38. Qh5 $1 {[%mdl 512]} Re7 39. Bxg7 {[%mdl 64] Back Rank} Rxg7 40. Rxg7+ Bxg7 41. Rd8+ Bf8 42. Qf7+ $1 {[%mdl 576] Double Attack} Kh8 43. Rxf8#) 35... Qxd5 36. Qxd5 Rxd5 37. Nxf8 Kxf8 38. f6 {[%cal Rf6g7]} Rf7 39. Bxg7+ Ke8 40. Re3 Rfd7 41. Rge1 Kf7 42. Rxe5 Rxe5 43. Rxe5 Rxd3 {[%mdl 4096] Endgame KRB-KR} 44. Re7+ Kg6 45. Rxa7 c4 46. Kg2 b5 47. Rc7 Rd2+ 48. Kg3 Rd3+ 49. Kg4 Rd4+ 50. Kf3 Rd3+ 51. Ke4 Rh3 52. Rc5 Rh4+ 53. Ke3 b4 54. Kf3 {Threatens to win with Kg3.} c3 $2 (54... Rxh2 55. Rxc4 Rh3+ 56. Kg4 Ra3) 55. Kg3 Rd4 56. h4 Rd3+ 57. Kf2 {h5+ would kill now.} Rd2+ 58. Ke3 Rxa2 59. h5+ {White mates.} Kf7 60. Rc7+ Kg8 61. h6 Ra3 62. f7+ Kh7 63. f8=Q c2+ {[#]} 64. Kd2 $1 Rc3 65. Bxc3+ Kg6 66. Rg7+ Kxh6 67. Qh8# {Accuracy: White = 78%, Black = 35%.} 1-0

[Event "36th Cappelle Open 2020"]
[Site "Cappelle-la-Grande"]
[Date "2020.02.24"]
[Round "3.6"]
[White "Demuth, Adrien"]
[Black "Bianchi, Guillaume"]
[Result "1-0"]
[WhiteElo "2500"]
[BlackElo "2156"]
[Annotator "TA"]
[PlyCount "53"]
[EventDate "2020.02.22"]
[EventType "swiss"]
[EventCountry "FRA"]
[SourceTitle "playchess.com"]
[Source "ChessBase"]
[SourceQuality "1"]

{[%evp 9,53,0,0,0,10,6,58,48,55,54,58,52,59,57,62,58,62,62,62,68,114,118,148,145,127,114,166,159,172,94,225,224,250,195,226,220,250,249,261,292,288,290,250,260,264,268]} 1. c4 c6 2. Nf3 d5 3. e3 Nf6 4. Nc3 Nbd7 5. Qc2 e5 6. cxd5 {A11: English Opening: 1...c6.} Nxd5 7. d4 Nxc3 (7... Bd6 $11) 8. bxc3 $14 {White is slightly better.} Bd6 9. Bd3 h6 10. O-O O-O {[#]} 11. a4 $146 {[%cal Ba2a4,Ba4a5][%mdl 32]} ({Predecessor:} 11. e4 Re8 12. Be3 Qe7 13. Rae1 c5 14. dxe5 Nxe5 15. Nxe5 Bxe5 16. f4 Bc7 17. e5 {1-0 (55) Lee,J (2064)-Ochmann,R (1987) Marianske Lazne 2018}) 11... Qe7 12. e4 Re8 13. a5 a6 14. h3 c5 15. d5 f5 16. Nd2 f4 17. Be2 Rf8 (17... b5 $16) 18. Rb1 Bc7 19. Rd1 ({Better is} 19. Nc4 $18) 19... Rf6 {Loses the game.} (19... Bxa5 $16 {was necessary.} 20. d6 Qd8) 20. Nc4 $18 Kh8 21. Qd3 {[#] And now d6 would win.} Bd6 22. Ba3 Rg6 23. Bg4 Rb8 24. Bxd7 Qxd7 25. Nxd6 Rxd6 26. Bxc5 Rg6 {intending ...Qxh3.} 27. Rb6 {Accuracy: White = 88%, Black = 58%.} 1-0

[Event "36th Cappelle Open 2020"]
[Site "Cappelle-la-Grande"]
[Date "2020.02.24"]
[Round "3.7"]
[White "Sadikhov, Ulvi"]
[Black "Bournel, Antoine"]
[Result "1/2-1/2"]
[WhiteElo "2496"]
[BlackElo "2079"]
[Annotator "TA"]
[PlyCount "218"]
[EventDate "2020.02.22"]
[EventType "swiss"]
[EventCountry "FRA"]
[SourceTitle "playchess.com"]
[Source "ChessBase"]
[SourceQuality "1"]

{[%evp 15,218,0,6,0,9,-10,39,30,30,38,42,34,55,41,71,58,101,71,85,72,85,36,36,42,41,33,33,26,26,27,21,18,12,11,18,0,68,0,47,27,86,72,72,72,72,72,72,72,72,72,72,72,74,72,90,72,80,72,80,80,80,80,80,80,77,72,89,95,96,96,113,113,113,72,72,72,72,72,72,72,72,72,72,72,72,72,72,72,72,72,72,72,72,72,72,72,72,72,72,72,72,72,72,72,72,0,0,0,0,0,0,0,0,0,0,0,0,0,0,0,0,0,0,0,0,0,0,0,0,0,0,0,0,0,0,0,0,0,0,0,0,0,0,0,0,0,0,0,0,0,0,0,0,0,0,0,0,0,0,0,0,0,0,0,0,0,0,0,0,0,0,0,0,0,0,0,0,0,0,0,0,0,0,0,0,0,0,0,0,0,0,0,0,0,0,0,0,0,0,0,0,0,0,0,0]} 1. e4 c5 2. Nf3 g6 3. g3 Bg7 4. Bg2 Nc6 5. O-O e5 6. c3 Nge7 7. d3 O-O 8. a3 d5 9. Nbd2 {[#] A04: Unusual lines after 1 Nf3 and King's Indian Attack.} Qc7 $146 ({Predecessor:} 9... b6 10. Re1 Ba6 11. exd5 Nxd5 12. Nc4 Re8 13. Qc2 Qd7 14. a4 Rad8 15. Bg5 f6 16. Bd2 Nde7 {1-0 (39) Petrosian,T (2601)-Le,Q (2737) Riadh 2017}) 10. b4 cxb4 11. axb4 {White is slightly better.} dxe4 12. Nxe4 b6 13. Re1 Bb7 14. h4 Rad8 15. h5 a5 16. h6 Bh8 17. Bg5 axb4 18. Nf6+ (18. cxb4 {is interesting.} Nxb4 19. d4 exd4 20. Rc1 Nec6 21. Nf6+) 18... Bxf6 19. Bxf6 {[%cal Rf3e5]} bxc3 20. Nxe5 Nxe5 21. Bxe5 Qc8 $1 22. Bxb7 Qxb7 23. Bf6 Rd7 $1 24. Bxc3 Nf5 $1 25. Ra4 Qd5 (25... Qc6 $11 26. Rc4 Qxc4 27. dxc4 Rxd1 28. Rxd1 Rc8) 26. Qe2 (26. Qa1 $14) 26... Rd6 27. Re4 $36 {[%mdl 2048] White is more active.} Qxd3 (27... Nxg3 $11 28. fxg3 Qc5+ {[%mdl 64] Double Attack} 29. Kh2 Qxc3) 28. Bb4 {[%mdl 64] [#] Skewer} Qxe2 29. R4xe2 {g4 is the strong threat.} Rdd8 30. Bxf8 Kxf8 $16 {[%mdl 4096] Endgame KRR-KRN} 31. Rb2 Nxh6 32. Rxb6 Rd7 33. Reb1 Nf5 34. Rb7 Rd6 35. R1b6 h5 36. Kg2 Kg7 37. Rxd6 Nxd6 {KR-KN} 38. Rd7 Nf5 39. Kf3 Kf6 40. Kf4 Ng7 41. Rd6+ Ne6+ 42. Ke4 Kg7 43. Ke5 Ng5 44. f4 (44. Rd7 {is more complex.} Nh3 45. Rd2 Ng5 46. Ra2 Nf3+ 47. Kf4) 44... Nf3+ 45. Ke4 Nh2 46. Rb6 Nf1 47. Kf3 {[#] Strongly threatening Rb2.} Nh2+ 48. Kg2 Ng4 49. Ra6 Ne3+ 50. Kf3 Nf5 51. Ra3 Kf6 52. Ke4 Nd6+ 53. Kd5 Nf5 54. Rb3 Ne7+ 55. Kd4 Nf5+ 56. Ke4 Nd6+ 57. Kd5 Nf5 58. Ra3 Kg7 59. Ke5 Nh6 60. Kd6 ({White should try} 60. Rc3 $16) 60... h4 $11 {The position is equal.} 61. gxh4 {Hoping for Ke5.} Nf5+ 62. Kd7 Nxh4 63. Ke7 Nf5+ 64. Ke8 Nd6+ 65. Kd7 Nf5 66. Ra5 Nh6 67. Ra6 Ng4 68. Ke7 Ne3 69. Ra5 Nf5+ 70. Kd7 Nh6 71. Kd8 Kf8 72. Ra8 Nf5 73. Kd7+ Kg7 74. Ra3 Kf8 75. Rd3 $1 Ng7 76. Rc3 {White wants to mate with Rc8+.} Nf5 77. Rc4 Nh6 78. Rc8+ Kg7 79. Ke8 Ng4 80. Rc5 Nf6+ 81. Kd8 Ne4 82. Rc7 Nf6 83. Rc5 Ne4 84. Rb5 Ng3 85. Ke8 Ne4 {Threatens to win with ...Nd6+.} 86. Ra5 (86. Ke7 {seems wilder.} Ng3 87. Ra5 Nf5+) 86... Nd6+ 87. Kd7 Nf5 88. Ra6 Kf8 89. Ra8+ Kg7 90. Rd8 Nh6 91. Ke7 Ng8+ 92. Kd6 Nh6 93. Kd7 Ng4 94. Ke7 Nh6 95. Rd1 Ng4 96. Rd4 (96. f5 {keeps more tension.} gxf5 97. Rg1 Kg6 98. Rf1 Ne3 99. Rg1+) 96... Nh6 97. Rd8 (97. Ke8 {looks sharper.} Nf5 98. Rd7 Nh6 99. Ke7 Nf5+ 100. Ke8) 97... Ng8+ 98. Kd7 Nh6 99. Ke7 Ng8+ 100. Kd6 Nh6 101. Ra8 Nf5+ 102. Kd7 Nh6 103. Ra6 Kf8 104. Ra8+ Kg7 105. Ke8 Ng4 106. Ke7 Nh6 107. Ra6 Ng8+ 108. Kd8 Nh6 109. Rd6 Kf8 {Accuracy: White = 95%, Black = 94%.} 1/2-1/2

[Event "36th Cappelle Open 2020"]
[Site "Cappelle-la-Grande"]
[Date "2020.02.24"]
[Round "3.8"]
[White "Eden, James"]
[Black "Sochacki, Christophe"]
[Result "1-0"]
[WhiteElo "2326"]
[BlackElo "2478"]
[Annotator "TA"]
[PlyCount "109"]
[EventDate "2020.02.22"]
[EventType "swiss"]
[EventCountry "FRA"]
[SourceTitle "playchess.com"]
[Source "ChessBase"]
[SourceQuality "1"]

{[%evp 24,109,4,0,0,0,0,0,72,68,64,0,7,0,39,47,157,81,91,0,175,152,162,132,147,147,177,158,156,129,134,109,104,58,68,22,35,53,324,309,443,158,152,139,139,147,315,313,664,638,988,988,921,888,1075,1075,1068,1068,1068,1068,2156,2126,1727,1752,1260,1162,4910,4798,29969,29971,29969,12535,29990,29988,29985,29986,29995,29990,29990,29989,29995,29996,29996,29997,29997,29998,29998,29999]} 1. e4 c6 2. d4 d5 3. Nd2 dxe4 4. Nxe4 Bf5 5. Ng3 Bg6 6. h4 h6 7. Nf3 Nd7 8. h5 Bh7 9. Bd3 Bxd3 10. Qxd3 e6 11. Bd2 Ngf6 12. O-O-O Be7 13. Kb1 Qb6 {B19: Classical Caro-Kann: 4...Bf5 main line.} 14. Ne4 Rd8 15. c4 {now supersedes 15.Nxf6+.} c5 (15... O-O $11 {keeps the balance.}) 16. d5 $16 {[#]} exd5 $146 ({Predecessor:} 16... Nxe4 17. Qxe4 Bf6 18. Bc1 O-O 19. dxe6 Qxe6 20. Qxe6 fxe6 21. Rhe1 Kf7 22. Bf4 Nb6 {½-½ (63) Adams,M (2754)-Lenderman,A (2561) Caleta 2014}) 17. Nxf6+ (17. cxd5 $14 Qa6 18. Qxa6 bxa6 19. Rhe1 Nxe4 20. Rxe4) 17... Nxf6 $11 18. Rhe1 dxc4 19. Qxc4 a6 ({Black should try} 19... Qc7 $14) 20. Ne5 (20. Nh4 $142 $1) 20... Rd5 $16 21. Bxh6 (21. Ng4 $1 $16 {[%cal Rg4f6] Strongly threatening Nxf6+.} Kf8 22. Rxe7 $1 {[%mdl 576] Remove Defender} Kxe7 23. Nxf6 Rxd2 24. Rxd2 gxf6 25. Qe4+ (25. Re2+ Kf8 $14) 25... Qe6 26. Qxb7+ Kf8 27. Qb8+ Kg7 28. Qg3+ Kh7 29. Qd3+ f5 30. Qd5) 21... Rxe5 $2 (21... Rxd1+ $11 {and Black stays safe.} 22. Rxd1 Qe6 23. Bxg7 Rxh5 24. Qxe6 fxe6 25. Bxf6 Bxf6) 22. Rxe5 $18 Rxh6 23. Rde1 $1 {[%csl LRc5,LRe7]} Ng8 24. Qg4 $1 {[%cal Rg4g7]} Qd8 {White should prevent ...Kf8.} 25. Qxg7 Qd3+ 26. Ka1 {[%mdl 1024] White has strong compensation.} Qh7 27. Qg3 Kf8 28. Qf3 Rb6 29. Qc3 (29. Qd5 $5 {[%cal Re5e7]} Rd6 30. Qxb7 $14) 29... Qh6 30. g4 $40 {[%mdl 128] White has some attack.} Qf4 $2 {[%mdl 8192] [#]} (30... c4 $1 $14) 31. g5 $1 {[%mdl 512] aiming for h6.} f6 (31... Re6 {was worth a try.} 32. h6 Nxh6) (31... Bxg5 32. Re8#) 32. R5e3 $2 (32. Rxe7 Nxe7 33. g6 (33. Qxc5 $2 Qb4 $19) 33... Qxf2 $17) (32. Rxc5 $18 {is the precise move to win.} Kg7 33. h6+ Kh8 34. Rc8 Qxg5 35. Rxe7) 32... Qxg5 $16 33. Rg3 $1 {[%cal Rg3g5]} Qxh5 {[#]} 34. Reg1 $1 (34. Qc4 Nh6 $11) 34... Qf7 $2 {This move loses the game for Black.} (34... Qd5 $16 {was called for.}) 35. Qe3 $18 ({Less strong is} 35. Rxg8+ Qxg8 36. Rxg8+ Kxg8 $16) 35... Rd6 $2 (35... Bd6) 36. a3 ({Not} 36. Rxg8+ Qxg8 37. Qh6+ (37. Rxg8+ Kxg8 38. Kb1 Kf8 $16) 37... Kf7 $16) 36... Nh6 37. Qxh6+ Ke8 38. Re1 Re6 39. Qh8+ Kd7 40. Rd1+ Rd6 41. Rxd6+ Kxd6 {[%mdl 4096] Endgame KQR-KQB} 42. Qb8+ Kc6 43. Qc8+ Kb6 44. Qd7 Qc4 45. Qxe7 Qf1+ 46. Ka2 Qc4+ 47. Rb3+ Ka5 48. Qc7+ {White mates.} Ka4 49. Qxb7 f5 50. f4 Qe6 {[#]} 51. Qb6 $1 Qc4 {[#]} 52. Qc6+ $1 Ka5 {[#]} 53. a4 $1 Qxb3+ (53... Qxa4+ 54. Ra3) 54. Kxb3 {[%cal Rc6c5]} c4+ 55. Ka3 {Accuracy: White = 72%, Black = 45%.} 1-0

[Event "36th Cappelle Open 2020"]
[Site "Cappelle-la-Grande"]
[Date "2020.02.24"]
[Round "3.9"]
[White "Wiedenkeller, Michael"]
[Black "Shinoda, Taro"]
[Result "1/2-1/2"]
[WhiteElo "2455"]
[BlackElo "1942"]
[Annotator "TA"]
[PlyCount "80"]
[EventDate "2020.02.22"]
[EventType "swiss"]
[EventCountry "FRA"]
[SourceTitle "playchess.com"]
[Source "ChessBase"]
[SourceQuality "1"]

{[%evp 14,80,23,16,25,31,30,31,43,50,46,20,24,0,5,10,6,0,-2,-28,0,7,15,0,23,-9,-9,-9,-11,-13,-12,-17,-9,-10,-8,-31,0,-33,0,0,0,-31,0,-26,-23,-67,-67,-105,-97,-122,-67,-119,-101,-77,-87,-127,-126,-131,-125,-181,-156,-133,-106,-147,-67,-67,-67,-67,-67]} 1. c4 e5 2. Nc3 Nf6 3. Nf3 Nc6 4. e3 d5 5. cxd5 Nxd5 6. Bb5 Nxc3 7. bxc3 Bd6 8. d4 e4 {8...Bd7 is the modern continuation. A28: English Opening: Four Knights Variation.} 9. Nd2 Qg5 {[%mdl 64] Double Attack} 10. Bf1 f5 {White is slightly better.} 11. Qb3 Rb8 {[#]} 12. Nc4 $146 ({Predecessor:} 12. Ba3 Qe7 13. Bxd6 Qxd6 14. Rb1 Bd7 15. Nc4 Qe7 16. Be2 O-O 17. Ne5+ Kh8 18. Nxd7 Qxd7 {1-0 (41) Kanellopoulos,P (2248)-Pantazopoulos,S (2103) Achaea 2012}) 12... Be7 13. d5 Nd8 14. Ba3 O-O 15. Bxe7 Qxe7 16. Be2 Nf7 17. O-O Rd8 18. Rfd1 Qc5 19. Qa3 Qxa3 20. Nxa3 Bd7 21. f4 exf3 22. gxf3 Re8 23. Kf2 Re7 24. Bf1 Rbe8 25. Re1 Nd6 26. Rad1 Kf8 27. Rd2 g5 28. Nc4 h5 (28... Kg7 {seems wilder.} 29. Rd4 h5 30. h4 g4 31. Bd3 Kf6) 29. Nxd6 cxd6 30. h3 Kg7 31. Rd4 {[#]} Kf6 ({Black should try} 31... f4 $1 $17 {[%cal Rf4e3][%mdl 512]} 32. e4 (32. exf4 Rxe1) 32... b6) 32. Bg2 (32. h4 $15) 32... b6 33. h4 g4 34. f4 Rc8 35. c4 Rc5 36. a3 (36. Bf1 $17) 36... Bc8 37. Rb1 Ba6 38. Bf1 {[#]} Rec7 (38... Ra5 $1 $17 39. Rb3 Rc7) 39. Rb4 $15 Ra5 40. a4 Re7 {Accuracy: White = 55%, Black = 69%.} 1/2-1/2

[Event "36th Cappelle Open 2020"]
[Site "Cappelle-la-Grande"]
[Date "2020.02.24"]
[Round "3.10"]
[White "Real, Thibault"]
[Black "Bellahcene, Bilel"]
[Result "1/2-1/2"]
[WhiteElo "2246"]
[BlackElo "2510"]
[Annotator "TA"]
[PlyCount "98"]
[EventDate "2020.02.22"]
[EventType "swiss"]
[EventCountry "FRA"]
[SourceTitle "playchess.com"]
[Source "ChessBase"]
[SourceQuality "1"]

{[%evp 13,98,-2,16,0,22,20,16,13,12,2,25,-33,-35,-85,-56,-66,-41,-53,-26,-38,-16,-34,98,109,109,105,123,142,137,121,141,102,105,81,103,110,76,82,103,110,73,57,114,101,140,86,86,86,86,85,95,95,111,94,97,100,106,105,98,87,95,0,0,0,0,0,0,-48,0,0,0,0,0,0,0,0,0,0,0,0,0,0,0,0,0,0,0]} 1. e4 e5 2. Nf3 Nc6 3. Nc3 Nf6 4. d4 exd4 5. Nxd4 Bb4 6. Nxc6 bxc6 7. Bd3 d6 8. h3 {C47: Scotch Four Knights and Four Knights with 4 g3.} h6 9. Bd2 O-O {[#]} 10. Qf3 $146 ({Predecessor:} 10. O-O Re8 11. Re1 Re7 12. a3 Ba5 13. b4 Bb6 14. Be3 Qe8 15. Qd2 Bd7 16. Re2 {0-1 (87) Samiha,C (1265)-Kazi Zarin,T (1514) Dhaka 2018}) 10... Bc5 11. Ne2 Rb8 12. O-O (12. b3 $11) 12... Rxb2 $15 13. Kh1 Re8 14. Bc3 Rb6 15. a4 Bb4 16. a5 Rb7 $1 17. Bd4 c5 {[#]} (17... Bc5 $15 {stays ahead.}) 18. Bxf6 $1 $16 Qxf6 {[#]} (18... gxf6 $2 19. c3 $18) 19. Ba6 $1 Qe5 20. c3 Rb8 21. Bxc8 Rexc8 22. cxb4 cxb4 23. Nf4 Re8 24. Rfe1 b3 25. Rab1 Qxa5 26. Re3 b2 27. Nd3 Qc3 ({Better is} 27... d5 $14) 28. Re2 d5 29. e5 ({But not} 29. Nxb2 $6 d4 $14) ({Reject} 29. exd5 $6 Rxe2 30. Qxe2 Qc4 $11) ({Stronger than} 29. Rexb2 Rxb2 30. Nxb2 Qxf3 $15) ({White should play} 29. Rbxb2 Rxb2 30. Nxb2) 29... c5 30. Rexb2 Rxb2 31. Rxb2 c4 32. Rb7 {[%mdl 64] Double Attack} Rf8 33. Nf4 Qe1+ 34. Kh2 Qxe5 {Black wants to play ...g5.} 35. g3 d4 36. Rd7 d3 37. Qd5 (37. Qc6 $16 Qf5 38. Kg2) 37... Qxd5 $11 38. Nxd5 {[%mdl 4096] Endgame KRN-KR} Kh7 39. Nc3 Rb8 40. Rc7 Rb3 (40... Rb2 $5 {[%cal Rb2f2]} 41. Rxf7 a5 $15) 41. Rxc4 {Strongly threatening Nd1.The position is equal.} d2 42. Nd1 {aiming for Rd4.} Rb1 43. Ne3 {Threatens to win with Rd4.} d1=Q 44. Nxd1 Rxd1 {KR-KR} 45. Rc7 a5 46. Rxf7 a4 47. Ra7 Rd4 48. g4 Kg6 49. f3 Kf6 {Accuracy: White = 86%, Black = 75%.} 1/2-1/2